Bí quyết buôn bán

Uloženo v:
Podrobná bibliografie
Hlavní autor: Phạm, Côn Sơn
Médium: Kniha
Jazyk:Undetermined
Vydáno: Hà Nội Thanh Niên 2003
Témata:
Tagy: Přidat tag
Žádné tagy, Buďte první, kdo otaguje tento záznam!
Thư viện lưu trữ: Trung tâm Học liệu Trường Đại học Cần Thơ
LEADER 00499nam a2200193Ia 4500
001 CTU_64994
008 210402s9999 xx 000 0 und d
020 |c 18000 
082 |a 658.8 
082 |b S464 
100 |a Phạm, Côn Sơn 
245 0 |a Bí quyết buôn bán 
245 0 |c Phạm Côn Sơn 
260 |a Hà Nội 
260 |b Thanh Niên 
260 |c 2003 
650 |a Commerce 
904 |i Mai Loan,Hải 
980 |a Trung tâm Học liệu Trường Đại học Cần Thơ